<?xml version="1.0" encoding="UTF-8"?>
<record
    xmlns:xsi="http://www.w3.org/2001/XMLSchema-instance"
    xsi:schemaLocation="http://www.loc.gov/MARC21/slim http://www.loc.gov/standards/marcxml/schema/MARC21slim.xsd"
    xmlns="http://www.loc.gov/MARC21/slim">

  <leader>03238nam a2200529Ia 4500</leader>
  <controlfield tag="001">3620</controlfield>
  <controlfield tag="008">241029s9999    xx            000 0 und d</controlfield>
  <datafield tag="010" ind1=" " ind2=" ">
    <subfield code="a">3396</subfield>
  </datafield>
  <datafield tag="041" ind1=" " ind2=" ">
    <subfield code="a">Espa&#xF1;ol</subfield>
  </datafield>
  <datafield tag="082" ind1=" " ind2=" ">
    <subfield code="a">MA-FFI 0001 FH 2010</subfield>
  </datafield>
  <datafield tag="245" ind1=" " ind2="0">
    <subfield code="a">La Participaci&#xF3;n Democr&#xE1;tica una Estrategia Metodol&#xF3;gica Transformadora del Polit&#xE9;cnico Virgen de la Altagracia (CEPVA)</subfield>
  </datafield>
  <datafield tag="260" ind1=" " ind2=" ">
    <subfield code="a">Santo Domingo</subfield>
  </datafield>
  <datafield tag="300" ind1=" " ind2=" ">
    <subfield code="a">127</subfield>
  </datafield>
  <datafield tag="520" ind1=" " ind2=" ">
    <subfield code="a">33</subfield>
  </datafield>
  <datafield tag="630" ind1=" " ind2=" ">
    <subfield code="a">Estrategia Metodol&#xF3;gica</subfield>
  </datafield>
  <datafield tag="650" ind1=" " ind2=" ">
    <subfield code="a">Participaci&#xF3;n</subfield>
  </datafield>
  <datafield tag="690" ind1=" " ind2=" ">
    <subfield code="a">Elaborado</subfield>
  </datafield>
  <datafield tag="700" ind1=" " ind2=" ">
    <subfield code="e">asesor</subfield>
    <subfield code="a">Hern&#xE1;ndez Rodr&#xED;guez, Argentina </subfield>
  </datafield>
  <datafield tag="700" ind1=" " ind2=" ">
    <subfield code="e">autor</subfield>
    <subfield code="a"> Villaman Gonz&#xE1;lez, Pedro Tomas</subfield>
  </datafield>
  <datafield tag="700" ind1=" " ind2=" ">
    <subfield code="e">autor</subfield>
    <subfield code="a">Cachofeiro Ramos, Mar&#xED;a del Pilar </subfield>
  </datafield>
  <datafield tag="901" ind1=" " ind2=" ">
    <subfield code="a">{"1":" Villaman Gonz&#xE1;lez","2":"Cachofeiro Ramos"}</subfield>
    <subfield code="b">{"1":"Pedro Tomas","2":"Mar&#xED;a del Pilar "}</subfield>
  </datafield>
  <datafield tag="902" ind1=" " ind2=" ">
    <subfield code="a">1</subfield>
  </datafield>
  <datafield tag="903" ind1=" " ind2=" ">
    <subfield code="a">{"1":"Hern&#xE1;ndez Rodr&#xED;guez"}</subfield>
    <subfield code="b">{"1":"Argentina "}</subfield>
  </datafield>
  <datafield tag="904" ind1=" " ind2=" ">
    <subfield code="a">Maestr&#xED;a en</subfield>
  </datafield>
  <datafield tag="905" ind1=" " ind2=" ">
    <subfield code="a">Formaci&#xF3;n de Formadores e Investigaci&#xF3;n para el Cambio Socioecon&#xF3;mico</subfield>
  </datafield>
  <datafield tag="906" ind1=" " ind2=" ">
    <subfield code="a">2</subfield>
  </datafield>
  <datafield tag="907" ind1=" " ind2=" ">
    <subfield code="a">NO APLICA</subfield>
  </datafield>
  <datafield tag="908" ind1=" " ind2=" ">
    <subfield code="a">NO APLICA</subfield>
  </datafield>
  <datafield tag="909" ind1=" " ind2=" ">
    <subfield code="a">Universidad Aut&#xF3;noma de Santo Domingo (UASD)</subfield>
  </datafield>
  <datafield tag="910" ind1=" " ind2=" ">
    <subfield code="a">NULL</subfield>
    <subfield code="b">NULL</subfield>
  </datafield>
  <datafield tag="911" ind1=" " ind2=" ">
    <subfield code="a">["1"]</subfield>
  </datafield>
  <datafield tag="912" ind1=" " ind2=" ">
    <subfield code="a">Universidad de Barcelona, Espa&#xF1;a</subfield>
  </datafield>
  <datafield tag="913" ind1=" " ind2=" ">
    <subfield code="a">NULL</subfield>
  </datafield>
  <datafield tag="914" ind1=" " ind2=" ">
    <subfield code="a">08 de Febrero de 2010</subfield>
  </datafield>
  <datafield tag="915" ind1=" " ind2=" ">
    <subfield code="a">NULL</subfield>
  </datafield>
  <datafield tag="916" ind1=" " ind2=" ">
    <subfield code="a">NULL</subfield>
  </datafield>
  <datafield tag="917" ind1=" " ind2=" ">
    <subfield code="a">NULL</subfield>
  </datafield>
  <datafield tag="918" ind1=" " ind2=" ">
    <subfield code="a">NO APLICA</subfield>
  </datafield>
  <datafield tag="919" ind1=" " ind2=" ">
    <subfield code="a">["223"]</subfield>
  </datafield>
  <datafield tag="520" ind1=" " ind2=" ">
    <subfield code="a">La investigaci&#xF3;n estuvo centrada en contribuir al desarrollo de una cultura escolar participativa personal e institucional desde procesos formativos reflexivos que coadyuven al profesorado del (CEPVA) a la toma de conciencia e implementaci&#xF3;n de estrategias que fortalezcan la participaci&#xF3;n democr&#xE1;tica en su pr&#xE1;ctica educativa, orientada, al cambio y a la transformaci&#xF3;n educativa y social.La metodolog&#xED;a asumida por la investigaci&#xF3;n fue de tipo evaluativa y cualitativa, dirigida hacia una poblaci&#xF3;n de 32 docentes, de los cuales 28 son hembras y 4 hombres, 2 orientadoras y todo el personal administrativo del centro, las t&#xE9;cnicas utilizadas fueron: la entrevista, cuestionarios, t&#xE9;cnica FODA, observaci&#xF3;n y an&#xE1;lisis documental para la recolecci&#xF3;n de datos.La investigaci&#xF3;n concluye que la dualidad profesorado-direcci&#xF3;n frente al problema participaci&#xF3;n, desde la visi&#xF3;n del primero ha desaparecido de su vocabulario y de su imaginaci&#xF3;n, cuando se entend&#xED;a que no se participaba en la toma de decisiones porque la direcci&#xF3;n no lo favorece y que el profesorado s&#xF3;lo estaba para acatar &#xF3;rdenes. En otro sentido se determin&#xF3; que el conjunto de t&#xE9;cnicas y estrategias metodol&#xF3;gicas implementadas han reportado una mejora significativa, favoreciendo la participaci&#xF3;n y el trabajo en equipo, consenso en la toma de decisiones, despu&#xE9;s que inici&#xF3; y fue consolidado el proyecto de investigaci&#xF3;n.El estudio recomienda seguir implementando proyectos de aula, que partan de las necesidades e intereses educativos del estudiantado, tom&#xE1;ndoles en cuenta a la hora de la identificaci&#xF3;n de esas necesidades como una forma de involucrarles en sus propios procesos de aprendizaje.</subfield>
  </datafield>
  <datafield tag="921" ind1=" " ind2=" ">
    <subfield code="a">16</subfield>
  </datafield>
  <datafield tag="922" ind1=" " ind2=" ">
    <subfield code="a">16</subfield>
  </datafield>
  <datafield tag="923" ind1=" " ind2=" ">
    <subfield code="a">0</subfield>
  </datafield>
  <datafield tag="924" ind1=" " ind2=" ">
    <subfield code="a">NO APLICA</subfield>
  </datafield>
  <datafield tag="942" ind1=" " ind2=" ">
    <subfield code="c">Tesis</subfield>
  </datafield>
  <datafield tag="999" ind1=" " ind2=" ">
    <subfield code="c">3396</subfield>
    <subfield code="d">3396</subfield>
  </datafield>
</record>
